عرض عادي
عرض مارك
- White, Bruce Alan.
مدخل إسم شخص
001 - رقم الضبط
- حقل الضبط: 45681
003 - معرف رقم الضبط
- حقل الضبط: OSt
005 - تاريخ ووقت أخر عملية
- حقل الضبط: 20140621114018.0
008 - عناصر بيانات ثابتة الطول
- حقل تحكم ثابت الطول: 140621|||a|||||| | ||| d
040 ## - مصدر الفهرسة
- هيئة الفهرسة الأصلية: OSt
- وكالة الكتابة: OSt
100 ## - مدخل -- أسم شخص
- إسم شخص: White, Bruce Alan.
670 ## - بيانات المصدر موجوده
- الاستشهاد بالمصدر: Work cat.: (OSt)0: White, Bruce Alan., Endocrine and reproductive physiology, c2013.
